Southville International School and Colleges
Your cart is empty.
  • Cart
  • Lists
    Public lists Eva Luna New books Lux_list list_1
    Your lists Log in to create your own lists
  • Log in to your account
  • Your cookies
  • Search history
Southville International School and Colleges
  • Advanced search
  • Recent comments
  • Most popular
  • Libraries

Log in to your account

Log in with GOOGLE


If you do not have an external account, but do have a local account, you can still log in:

  1. Home
  2. MARC view: The forgotten heroes :
Normal view MARC view ISBD view

The forgotten heroes : (Record no. 33308)

[ view plain ]
MARC details
000 -LEADER
fixed length control field 01679cam a2200385 a 4500
003 - CONTROL NUMBER IDENTIFIER
control field OSt
005 - DATE AND TIME OF LATEST TRANSACTION
control field 20140310184244.0
008 - FIXED-LENGTH DATA ELEMENTS--GENERAL INFORMATION
fixed length control field 920921s1993 nyuaf j b 001 0 eng
010 ## - LIBRARY OF CONGRESS CONTROL NUMBER
LC control number 92036622
020 ## - INTERNATIONAL STANDARD BOOK NUMBER
International Standard Book Number 0590451227
040 ## - CATALOGING SOURCE
Original cataloging agency DLC
Transcribing agency DLC
Modifying agency DLC
042 ## - AUTHENTICATION CODE
Authentication code lcac
043 ## - GEOGRAPHIC AREA CODE
Geographic area code n-usp--
050 00 - LIBRARY OF CONGRESS CALL NUMBER
Classification number E 185.925
Item number .C65 1993
100 1# - MAIN ENTRY--PERSONAL NAME
Personal name Cox, Clinton.
9 (RLIN) 25639
245 14 - TITLE STATEMENT
Title The forgotten heroes :
Remainder of title the story of the Buffalo Soldiers /
Statement of responsibility, etc Clinton Cox.
260 ## - PUBLICATION, DISTRIBUTION, ETC. (IMPRINT)
Place of publication, distribution, etc New York :
Name of publisher, distributor, etc Scholastic,
Date of publication, distribution, etc 1993.
300 ## - PHYSICAL DESCRIPTION
Extent 174 p. :
Other physical details ill. ;
Dimensions 21 cm.
521 ## - TARGET AUDIENCE NOTE
Target audience note
526 ## - STUDY PROGRAM INFORMATION NOTE
Reading level 1140
610 10 - SUBJECT ADDED ENTRY--CORPORATE NAME
Corporate name or jurisdiction name as entry element United States.
Subordinate unit Army
General subdivision African American troops
-- History
Chronological subdivision 19th century
Form subdivision Juvenile literature.
9 (RLIN) 29555
610 11 - SUBJECT ADDED ENTRY--CORPORATE NAME
Corporate name or jurisdiction name as entry element United States.
Subordinate unit Army.
-- Cavalry, 9th.
9 (RLIN) 29556
610 11 - SUBJECT ADDED ENTRY--CORPORATE NAME
Corporate name or jurisdiction name as entry element United States.
Subordinate unit Army.
-- Cavalry, 10th.
9 (RLIN) 29557
650 #0 - SUBJECT ADDED ENTRY--TOPICAL TERM
Topical term or geographic name as entry element African Americans
Geographic subdivision West (U.S.)
General subdivision History
Chronological subdivision 19th century
Form subdivision Juvenile literature.
9 (RLIN) 29558
650 #0 - SUBJECT ADDED ENTRY--TOPICAL TERM
Topical term or geographic name as entry element African American soldiers
Geographic subdivision West (U.S.)
General subdivision History
Chronological subdivision 19th century
Form subdivision Juvenile literature.
9 (RLIN) 29559
650 #0 - SUBJECT ADDED ENTRY--TOPICAL TERM
Topical term or geographic name as entry element Frontier and pioneer life
Geographic subdivision West (U.S.)
Form subdivision Juvenile literature.
9 (RLIN) 29560
650 #0 - SUBJECT ADDED ENTRY--TOPICAL TERM
Topical term or geographic name as entry element Indians of North America
General subdivision Wars
Chronological subdivision 1866-1895
Form subdivision Juvenile literature.
9 (RLIN) 29561
650 #1 - SUBJECT ADDED ENTRY--TOPICAL TERM
Topical term or geographic name as entry element African Americans
General subdivision History
Chronological subdivision 19th century.
9 (RLIN) 29562
650 #1 - SUBJECT ADDED ENTRY--TOPICAL TERM
Topical term or geographic name as entry element African American soldiers
General subdivision History
Chronological subdivision 19th century.
9 (RLIN) 29563
651 #0 - SUBJECT ADDED ENTRY--GEOGRAPHIC NAME
Geographic name West (U.S.)
General subdivision History
Form subdivision Juvenile literature.
9 (RLIN) 29564
906 ## - LOCAL DATA ELEMENT F, LDF (RLIN)
a 7
b cbc
c orignew
d 1
e ocip
f 19
g y-gencatlg
942 ## - ADDED ENTRY ELEMENTS (KOHA)
Source of classification or shelving scheme Library of Congress Classification
Koha item type
Holdings
Withdrawn status Lost status Source of classification or shelving scheme Damaged status Home library Current library Shelving location Date acquired Total Checkouts Full call number Barcode Date last seen Copy number Price effective from Koha item type
    Library of Congress Classification   Luxembourg Library Luxembourg Library Scholastic Reading Center Section 04/11/2012   E 185.925 .C65 1993 SCHO0525 04/18/2017 1 01/30/2014 Books

The forgotten heroes :

APA

Cox C., . (1993). The forgotten heroes. New York: Scholastic.

Chicago

Cox Clinton, . 1993. The forgotten heroes. New York: Scholastic.

Harvard

Cox C., . (1993). The forgotten heroes. New York: Scholastic.

MLA

Cox Clinton, . The forgotten heroes. New York: Scholastic. 1993.

  • Place hold
  • Print
  • Cite
  • Add to your cart (remove)
  • Save record
    BIBTEX Dublin Core MARCXML MARC (non-Unicode/MARC-8) MARC (Unicode/UTF-8) MARC (Unicode/UTF-8, Standard) MODS (XML) RIS
  • More searches
    Search for this title in:
    Other Libraries (WorldCat) Other Databases (Google Scholar) Online Stores (Bookfinder.com) Open Library (openlibrary.org)

Exporting to Dublin Core...

SOUTHVILLE LIBRARY

Southville International School and Colleges Library

1281 Tropical Ave. Cor. Luxembourg St., BF Homes International, Las Pinas City

Tel. No. 8256374 / 252358 Loc. 117/146

Powered by Koha